000 00338nam a22001457a 4500
005 20160701112154.0
008 160701b xxu||||| |||| 00| 0 eng d
041 _aeng
082 _b20302
245 _aThe metalliferous mine regulation act 1961
260 _bgeeta
300 _a211
650 _aDiploma Engineering
_9817
942 _cBK
999 _c5041
_d5039